<?xml version="1.0" encoding="UTF-8"?>
<record
    xmlns:xsi="http://www.w3.org/2001/XMLSchema-instance"
    xsi:schemaLocation="http://www.loc.gov/MARC21/slim http://www.loc.gov/standards/marcxml/schema/MARC21slim.xsd"
    xmlns="http://www.loc.gov/MARC21/slim">

  <leader>03472    a2200325   4500</leader>
  <controlfield tag="003">Nust</controlfield>
  <controlfield tag="005">20170207165829.0</controlfield>
  <datafield tag="020" ind1=" " ind2=" ">
    <subfield code="a">123456</subfield>
  </datafield>
  <datafield tag="020" ind1=" " ind2=" ">
    <subfield code="a">9780511610134 (ebook)</subfield>
  </datafield>
  <datafield tag="035" ind1=" " ind2=" ">
    <subfield code="a">(EBZ)ebs839416e</subfield>
  </datafield>
  <datafield tag="035" ind1=" " ind2=" ">
    <subfield code="a">(EBZ)ebs839416e</subfield>
  </datafield>
  <datafield tag="035" ind1=" " ind2=" ">
    <subfield code="a">(WaSeSS)ssj0000145778</subfield>
  </datafield>
  <datafield tag="040" ind1=" " ind2=" ">
    <subfield code="c">Nust</subfield>
  </datafield>
  <datafield tag="082" ind1="0" ind2="0">
    <subfield code="a">338.040973</subfield>
  </datafield>
  <datafield tag="100" ind1="1" ind2=" ">
    <subfield code="a">Hart, David M..</subfield>
  </datafield>
  <datafield tag="245" ind1="0" ind2="4">
    <subfield code="a">The Emergence of Entrepreneurship Policy (E-Book)</subfield>
    <subfield code="h">[Elektronisk resurs] :</subfield>
    <subfield code="b">Governance, Start-Ups, and Growth in the U.S. Knowledge Economy /</subfield>
    <subfield code="c">Edited by David M. Hart.</subfield>
  </datafield>
  <datafield tag="260" ind1=" " ind2=" ">
    <subfield code="a">Cambridge :</subfield>
    <subfield code="b">Cambridge University Press,</subfield>
    <subfield code="c">2003</subfield>
  </datafield>
  <datafield tag="300" ind1=" " ind2=" ">
    <subfield code="a">1 online resource (308 p.) :</subfield>
    <subfield code="b">digital, PDF file(s).</subfield>
  </datafield>
  <datafield tag="505" ind1=" " ind2=" ">
    <subfield code="a">1 Entrepreneurship Policy:What It Is and Where It Camefrom (Page-3) David M. Hart 2 Entrepreneurship Policy and the Strategic Management of Places (Page-20) David B. Audretsch 3 Entrepreneurship, Creativity, and Regional Economic Growth (Page-39) Richard Florida part two high-tech entrepreneurship: the university-industry-government connection 4 Start-ups and Spin-offs: Collective Entrepreneurship Between Invention and Innovation (Page-61) Philip E. Auerswald and Lewis M. Branscomb 5 Entrepreneurship and American Research Universities: Evolution in Technology Transfer (Page-92) Maryann P. Feldman 6 America&#x2019;s Entrepreneurial Universities (Page-113) Nathan Rosenberg part three equity issues in entrepreneurship policy 7 Venture Capital Access: Is Gender an Issue? (Page-141) Candida G. Brush, Nancy M. Carter, Elizabeth Gatewood, Patricia G. Greene, and Myra M. Hart 8 Minority Business Assistance Programs Are Not Designed to Produce Minority Business Development (Page-155) Timothy Bates part four sector-specific issues 9 Understanding Entrepreneurship in the U.S. Biotechnology Industry: Characteristics, Facilitating Factors, and Policy Challenges (Page-175) Andrew A. Toole 10 E-Commerce, Entrepreneurship, and the Law: Reassessing a Relationship (Page-1950 Viktor Mayer-Sch&#xA8;onberger 11 Entrepreneurship and Government in Telecommunications (Page-214) Eli M. Noam part five implementing entrepreneurship policy 12 Knowledge, Power, and Entrepreneurs: A First Pass at the Politics of Entrepreneurship Policy (Page-227) David M. Hart 13 Entrepreneurship as a State and Local Economic Development Strategy (Page-240) Erik R. Pages, Doris Freedman, and Patrick Von Bargen Afterword(Page- 260)</subfield>
  </datafield>
  <datafield tag="538" ind1=" " ind2=" ">
    <subfield code="a">Mode of access: World Wide Web.</subfield>
  </datafield>
  <datafield tag="650" ind1=" " ind2="0">
    <subfield code="a">Entrepreneurship</subfield>
    <subfield code="x">Government policy</subfield>
    <subfield code="z">United States</subfield>
  </datafield>
  <datafield tag="650" ind1=" " ind2="0">
    <subfield code="a">High technology industries</subfield>
    <subfield code="x">Government policy</subfield>
    <subfield code="z">United States</subfield>
  </datafield>
  <datafield tag="650" ind1=" " ind2="0">
    <subfield code="a">Knowledge management</subfield>
    <subfield code="z">United States</subfield>
  </datafield>
  <datafield tag="651" ind1=" " ind2=" ">
    <subfield code="a">The Emergence of Entrepreneurship Policy E-Book</subfield>
  </datafield>
  <datafield tag="856" ind1="4" ind2="2">
    <subfield code="u">http://dx.doi.org/10.1017/CBO9780511610134</subfield>
  </datafield>
  <datafield tag="856" ind1="4" ind2="2">
    <subfield code="u">http://ep.bib.mdh.se/login?url=http://search.ebscohost.com/login.aspx?direct=true&amp;scope=site&amp;db=e000xww&amp;AN=120726</subfield>
  </datafield>
  <datafield tag="856" ind1="4" ind2="2">
    <subfield code="u">http://link.sub.su.se/sfxsub?url_ver=Z39.88-2004&amp;ctx_ver=Z39.88-2004&amp;ctx_enc=info:ofi/enc:UTF-8&amp;rfr_id=info:sid/sfxit.com:opac_856&amp;url_ctx_fmt=info:ofi/fmt:kev:mtx:ctx&amp;sfx.ignore_date_threshold=1&amp;rft.object_id=1000000000353404&amp;svc_val_fmt=info:ofi/fmt:kev:mtx:sch_svc&amp;</subfield>
  </datafield>
  <datafield tag="856" ind1="4" ind2="2">
    <subfield code="u">http://webproxy.student.hig.se:2048/login?url=http://search.ebscohost.com/login.aspx?direct=true&amp;scope=site&amp;db=nlebk&amp;db=nlabk&amp;AN=120726</subfield>
  </datafield>
  <datafield tag="856" ind1="4" ind2="2">
    <subfield code="u">https://login.proxy.annalindhbiblioteket.se/login?url=http://search.ebscohost.com/login.aspx?direct=true&amp;scope=site&amp;db=e000xww&amp;AN=120726</subfield>
  </datafield>
  <datafield tag="942" ind1=" " ind2=" ">
    <subfield code="2">ddc</subfield>
    <subfield code="c">BK</subfield>
  </datafield>
  <datafield tag="999" ind1=" " ind2=" ">
    <subfield code="c">213193</subfield>
    <subfield code="d">213193</subfield>
  </datafield>
  <datafield tag="952" ind1=" " ind2=" ">
    <subfield code="0">0</subfield>
    <subfield code="1">0</subfield>
    <subfield code="2">ddc</subfield>
    <subfield code="4">0</subfield>
    <subfield code="7">0</subfield>
    <subfield code="8">NFIC</subfield>
    <subfield code="a">MCS</subfield>
    <subfield code="b">MCS</subfield>
    <subfield code="d">2016-12-12</subfield>
    <subfield code="l">0</subfield>
    <subfield code="o">338.040973  HAR</subfield>
    <subfield code="p">MCSEB-3246</subfield>
    <subfield code="r">2016-12-08</subfield>
    <subfield code="w">2016-12-12</subfield>
    <subfield code="y">BK</subfield>
  </datafield>
</record>
